| 000 | 00506nam a22001457a 4500 | ||
|---|---|---|---|
| 008 | 230721b |||||||| |||| 00| 0 eng d | ||
| 020 | _a9781292041148 | ||
| 050 | _aLB 1738.5 .C67 2014 | ||
| 100 | _aCordeiro, Paula | ||
| 245 |
_aEducational readership : _bA Bbridge to Improved Practice / _cPaula,Cordeiro |
||
| 300 |
_a407p. ; _bill. ; _c27 cm |
||
| 500 | _aincludes bibliographical references and index. | ||
| 650 | _2problem based learning | ||
| 942 |
_2lcc _cBOOKS _hLB 1738.5 .C67 2014 |
||
| 999 |
_c31718 _d31718 |
||